Las Reformas judiciales en América Latina y la rendición de cuentas del Estado /
Este documento estudia las implicaciones de recientes esfuerzos de reforma realizados en diferentes países latinoamericanos para otorgar a sus poderes judiciales mayor independencia. El objetivo es contribuir al entendimiento de la medida en que las reformas judiciales influyen sobre la sujeción del...
محفوظ في:
| المؤلف الرئيسي: | |
|---|---|
| مؤلفون آخرون: | |
| التنسيق: | نص |
| الموضوعات: | |
| الوسوم: |
إضافة وسم
لا توجد وسوم, كن أول من يضع وسما على هذه التسجيلة!
|
MARC
| LEADER | 00000 a a2200000 04500 | ||
|---|---|---|---|
| 001 | 12421 | ||
| 003 | |||
| 040 | |||
| 100 | |a Inclán, Silvia | ||
| 245 | |a Las Reformas judiciales en América Latina y la rendición de cuentas del Estado / |c Silvia Inclán | ||
| 500 | |a Resumen también en inglés | ||
| 520 | |a Este documento estudia las implicaciones de recientes esfuerzos de reforma realizados en diferentes países latinoamericanos para otorgar a sus poderes judiciales mayor independencia. El objetivo es contribuir al entendimiento de la medida en que las reformas judiciales influyen sobre la sujeción del Estado a la ley y consolidación democrática | ||
| 650 | |a DEMOCRATIZACION | ||
| 650 | |a PODER JUDICIAL | ||
| 650 | |a PODER EJECUTIVO | ||
| 650 | |a PARTICIPACION SOCIAL | ||
| 700 | |a Inclán, María | ||
| 773 | |g volumen 12, número 26; páginas 55-82 | ||
| 999 | |c 27221 |d 27221 | ||
